000
00313nam a2200121Ia 4500
005
20260328104248.0
008
260328s9999||||xx |||||||||||||| ||und||
100
_a
RodrÃguez Moreno, Jorge
245
0
_a
La Contaminacion del Agua /
_c
Jorge RodrÃguez Moreno
260
_b
Portobelo
650
_a
AGUA
942
_c
BK
999
_c
10134
_d
10134